Goosebumps: The Game Characters - Statistics

General Stats
  • This quiz has been taken 4 times
  • The average score is 7 of 24
Answer Stats
Hint Answer % Correct
An evil ventriloquist dummy who serves as the main antagonist of the game. Slappy
100%
A vampire poodle who is the pet of Mrs. Forster. Fifi
50%
A talking rabbit who resides in the forest. Amaz-O
25%
A deadly toy robot found in a pile of toys. Annihilator 3000
25%
A creepy old woman who claims to be your aunt. She tries to offer you a glass of prune juice. Aunt Dahlia
25%
A large blue beast that lives in the forest. Beast
25%
Your older brother. He drives you to the mall later in the game's story. Chad
25%
An evil leprechaun that resides in the Mayfields department store at the mall. He requires you to solve his riddle with the correct item in order to pass. Cronby the Troll
25%
A half-man, half-plant who blocks your path as you travel through the forest. Dr. Brewer's Clone
25%
A stone gargoyle that sits outside your window and drools a strange green liquid. Gargoyle
25%
A trio of ghost children who reside in your new house. By solving certain puzzles and finding specific items the three of them can depart into the afterlife. Ghost Children
25%
A group of kids by the large pipe in the forest. Kids
25%
An evil lawn gnome that lurks in the dark corridors of the mall. Lawn Gnome
25%
A deadly purple taffy that grows and smothers you. Living Taffy
25%
A trio of living mannequins that reside in the clothing section of Mayfields. Mannequins
25%
A green, slimy substance that lives deep in the tunnels underneath the kitchen sink. Monster Blood
25%
A pair of movers who deliver the items to the protagonist's new house, including many items that were featured in various Goosebumps books. Movers
25%
One of the protagonist's neighbors. You meet her while she walks her dog Fifi. Mrs. Forster
25%
Another evil living dummy that is alive. Mr. Wood
25%
A robot police officer that is guarding the mall. If he catches you, he'll attack. Officer Murphy
25%
The protagonist and Chad's parents who contact you at the end of the game. Parents
25%
The protagonist (who can be either male or female) who moves into a new house with their family and has to deal with many of the monsters and assorted items from the Goosebumps series. Player
25%
Your reflection that lives inside the mirror in the attic. It aims to switch positions with you. Reflection
25%
The author of the Goosebumps books. He rescues the protagonist from Slappy in the nick of time. He also goes by the alias "Ghoulberg". R.L. Stine
25%
No matching quizzes found
Score Distribution
Percent of People with Each Score
Percentile by Number Answered
Your Score History
You have not taken this quiz